Œuvres de Georges Bernanos - Mort subite - Statistiques

Statistiques générales
  • Ce quiz a été pris 23 fois
  • Le résultat moyen est 6 sur 11
Answers on the Grid
Answers color-coded by a green-red scale on the quiz's grid according to % correct below.
Le Grand Meaulne
Les Grands cimetières sous la lune
La France contre les robots
Le Hussard sur le toit
Sous le soleil de Satan
Le Journal d'un curé de campagne
Le Rideau cramoisi
Exégèse des lieux communs
La Grande peur des bien-pensants
L'Appel des armes
Le Scandale de la vérité
Le Centaure de Dieu
Les Illusions perdues
Nouvelle histoire de Mouchette
Monsieur Ouine
Le Chevalier Des Touches
Les Déracinés
Colette Baudoche
Le Dialogue des carmélites
Nous autres Français
Regain
Voyage au bout de la nuit
Les Enfants humiliés
L'Annonce faite à Marie
 
Statistiques - réponses
Réponse % Correct
Sous le soleil de Satan
86%
Le Journal d'un curé de campagne
76%
La France contre les robots
71%
Les Grands cimetières sous la lune
57%
Nouvelle histoire de Mouchette
57%
Le Dialogue des carmélites
52%
La Grande peur des bien-pensants
43%
Monsieur Ouine
43%
Les Enfants humiliés
29%
Nous autres Français
24%
Le Scandale de la vérité
14%
Aucun quiz correspondant
Distribution des résultats
% des personnes avec chaque résultat
Percentile par nombre de réponses
Votre historique - résultats
Vous n’avez pas pris ce quiz